[Event "GER-ch Net blitz qual5"]
[Site "Playchess.com INT"]
[Date "2020.03.28"]
[Round "9"]
[White "Deuer, Marius"]
[Black "Schirrmacher, Carsten"]
[Result "1-0"]
[WhiteElo "2122"]
[BlackElo "2102"]
[PlyCount "157"]
[EventDate "2020.03.28"]
[EventType "swiss (blitz)"]
[EventRounds "13"]
[EventCountry "GER"]
[SourceTitle "CBM 195 Extra"]
[Source "ChessBase"]
[SourceDate "2020.05.31"]
[SourceVersion "1"]
[SourceVersionDate "2020.05.31"]
[SourceQuality "1"]

1. e4 e5 2. Nf3 Nc6 3. Bb5 Nf6 4. 0-0 Nxe4 5. Re1 Nd6 6. Nxe5 Nxe5 7. Rxe5+ Be7 8. Bf1 0-0 9. Nc3 Bf6 10. Re1 Re8 11. Nd5 c6 12. Nxf6+ Qxf6 13. Rxe8+ Nxe8 14. d4 d5 15. g3 Bf5 16. Bg2 Nd6 17. Bf4 Re8 18. c3 Be4 19. Bxe4 Nxe4 20. f3 Nd6 21. Qd2 Nc4 22. Qc2 Re6 23. Kf2 Qe7 24. b3 Nd6 25. Qd2 Nf5 26. Be5 f6 27. Bf4 Kf7 28. Re1 Rxe1 29. Qxe1 Qxe1+ 30. Kxe1 Ke6 31. g4 Nh4 32. Kf2 Ng6 33. Bd2 f5 34. h3 Ne7 35. f4 fxg4 36. hxg4 g6 37. Kf3 Kf6 38. Be1 Nc8 39. c4 Nd6 40. cxd5 cxd5 41. Bb4 Ne4 42. Be1 h5 43. Bh4+ Kg7 44. f5 g5 45. Be1 h4 46. Kg2 Kf6 47. Kf3 Ke7 48. Bb4+ Kd7 49. Bf8 Ke8 50. Ba3 Kf7 51. Bb4 Kf6 52. Ba3 Nc3 53. Bc5 b6 54. Bd6 Nxa2 55. Be5+ Kf7 56. Bb8 a6 57. Bc7 b5 58. Bd8 Nb4 59. Bxg5 h3 60. Kg3 Nc2 61. Kxh3 Nxd4 62. Bd2 Nxb3 63. Bf4 a5 64. g5 a4 65. Kg4 Nc5 66. g6+ Kf6 67. Bg5+ Kg7 68. Be3 Ne4 69. Bd4+ Kg8 70. Kh5 b4 71. f6 Nxf6+ 72. Bxf6 a3 73. Be7 a2 74. Bf6 b3 75. Ba1 Kf8 76. Kh6 Kg8 77. Bb2 d4 78. Bxd4 Kf8 79. Kh7 1-0

[Event "GER-ch Net blitz qual5"]
[Site "Playchess.com INT"]
[Date "2020.03.28"]
[Round "11"]
[White "Schirrmacher, Carsten"]
[Black "Altenbernd, Jannis Domenik"]
[Result "1/2-1/2"]
[WhiteElo "2102"]
[BlackElo "2011"]
[PlyCount "162"]
[EventDate "2020.03.28"]
[EventType "swiss (blitz)"]
[EventRounds "13"]
[EventCountry "GER"]
[SourceTitle "CBM 195 Extra"]
[Source "ChessBase"]
[SourceDate "2020.05.31"]
[SourceVersion "1"]
[SourceVersionDate "2020.05.31"]
[SourceQuality "1"]

1. e4 c5 2. Nf3 d6 3. d4 cxd4 4. Nxd4 Nf6 5. Nc3 a6 6. Be3 g6 7. f3 Bg7 8. Qd2 h5 9. 0-0-0 Nbd7 10. Bc4 Qc7 11. Bb3 b5 12. Kb1 Bb7 13. Rhe1 Rc8 14. Nd5 Nxd5 15. exd5 Ne5 16. Bg5 0-0 17. f4 Nc4 18. Bxc4 Qxc4 19. Nb3 f6 20. Bh4 Rfe8 21. Bg3 Qc7 22. Qd3 f5 23. Bf2 Qc4 24. Bd4 Qxd5 25. Bxg7 Qxd3 26. Rxd3 Kxg7 27. g3 Be4 28. Rd2 Kf6 29. Kc1 e5 30. fxe5+ dxe5 31. Rd6+ Re6 32. Rxe6+ Kxe6 33. c3 b4 34. Kd2 bxc3+ 35. bxc3 Rd8+ 36. Kc1 Rc8 37. Kd2 Kd6 38. Rd1 Bf3 39. Rf1 e4 40. Rc1 Ke5 41. c4 Rd8+ 42. Ke3 Rd3+ 43. Kf2 Rd1 44. Rc2 Rh1 45. Ke3 Re1+ 46. Kf2 Rb1 47. c5 Bd1 48. Rc1 Rxc1 49. Nxc1 Ba4 50. Ke3 Kd5 51. Ne2 Kxc5 52. Nf4 Be8 53. h4 Kb4 54. Nd5+ Ka3 55. Nc3 Kb2 56. Kd4 e3 57. a4 Bxa4 58. Nxa4+ Ka3 59. Nc3 Kb4 60. Nd5+ Kb3 61. Kxe3 a5 62. Nb6 Kb4 63. Kf4 Kb5 64. Nd5 Kc4 65. Ke5 Kb5 66. Kd4 Kc6 67. Nc3 Kb6 68. Kd5 Ka6 69. Kc5 Ka7 70. Kb5 Kb7 71. Kxa5 Kc6 72. Kb4 Kd6 73. Kc4 Ke5 74. Nd5 Ke4 75. Ne7 f4 76. gxf4 Kxf4 77. Nxg6+ Kf5 78. Ne7+ Kg4 79. Ng6 Kf5 80. Ne7+ Kg4 81. Ng6 Kf5 1/2-1/2

[Event "GER-ch Net blitz qual5"]
[Site "Playchess.com INT"]
[Date "2020.03.28"]
[Round "13"]
[White "Schirrmacher, Carsten"]
[Black "Draeger, Thomas"]
[Result "1/2-1/2"]
[WhiteElo "2102"]
[BlackElo "2201"]
[PlyCount "113"]
[EventDate "2020.03.28"]
[EventType "swiss (blitz)"]
[EventRounds "13"]
[EventCountry "GER"]
[SourceTitle "CBM 195 Extra"]
[Source "ChessBase"]
[SourceDate "2020.05.31"]
[SourceVersion "1"]
[SourceVersionDate "2020.05.31"]
[SourceQuality "1"]

1. e4 e6 2. d4 d5 3. Nd2 c5 4. exd5 Qxd5 5. Ngf3 cxd4 6. Bc4 Qd7 7. Nb3 Nc6 8. 0-0 Qc7 9. Nbxd4 Nxd4 10. Qxd4 a6 11. b3 Nf6 12. Bf4 Qc5 13. Qxc5 Bxc5 14. Rad1 b5 15. Be2 Bb7 16. Ne5 0-0 17. c4 bxc4 18. Bxc4 Rfd8 19. Bg5 Rxd1 20. Rxd1 Nd5 21. Nd3 Bb6 22. Rc1 h6 23. Bd2 a5 24. Nf4 Nf6 25. Kf1 Rd8 26. Be1 Ne4 27. Ke2 Nf6 28. f3 Rc8 29. Bf2 Bxf2 30. Kxf2 Rd8 31. Ke2 Kf8 32. Nd3 Nd7 33. Bb5 Ke7 34. Nc5 Nxc5 35. Rxc5 Kd6 36. Rc2 Bd5 37. Bc4 a4 38. Rd2 axb3 39. axb3 Rb8 40. Bxd5 exd5 41. Rb2 Kc5 42. Kd3 d4 43. b4+ Kd5 44. b5 Rb6 45. Rb4 Kc5 46. Rb1 Rxb5 47. Rxb5+ Kxb5 48. Kxd4 Kc6 49. Ke5 Kd7 50. f4 Ke7 51. f5 g6 52. f6+ Kd7 53. Kd5 Kc7 54. Kc5 Kd7 55. Kd5 Kc7 56. Kc5 Kd7 57. Kd5 1/2-1/2

[Event "GER-ch Net blitz qual5"]
[Site "Playchess.com INT"]
[Date "2020.03.28"]
[Round "2"]
[White "Schirrmacher, Carsten"]
[Black "Schulz, Karsten"]
[Result "1/2-1/2"]
[WhiteElo "2102"]
[BlackElo "2301"]
[PlyCount "90"]
[EventDate "2020.03.28"]
[EventType "swiss (blitz)"]
[EventRounds "13"]
[EventCountry "GER"]
[SourceTitle "CBM 195 Extra"]
[Source "ChessBase"]
[SourceDate "2020.05.31"]
[SourceVersion "1"]
[SourceVersionDate "2020.05.31"]
[SourceQuality "1"]

1. d4 d6 2. c4 e5 3. dxe5 dxe5 4. Qxd8+ Kxd8 5. Nf3 f6 6. Nc3 Be6 7. e3 c6 8. b3 Nd7 9. Bb2 Kc7 10. Be2 a5 11. a4 Nc5 12. Nd2 Rd8 13. Nce4 Nxe4 14. Nxe4 Bb4+ 15. Nc3 Nh6 16. Rd1 Nf5 17. 0-0 Rxd1 18. Rxd1 Rd8 19. Rxd8 Kxd8 20. Bg4 Kd7 21. h3 g6 22. Kf1 h5 23. Be2 Nd6 24. Bd3 Bf5 25. Bxf5+ Nxf5 26. Ne4 Ke6 27. g4 hxg4 28. hxg4 Nd6 29. Nxd6 Kxd6 30. Ke2 f5 31. gxf5 gxf5 32. e4 fxe4 33. Ke3 Bc5+ 34. Kxe4 Bxf2 35. Bxe5+ Kc5 36. Bc3 b5 37. cxb5 cxb5 38. Bxa5 bxa4 39. bxa4 Kc6 40. Kd3 Kb7 41. Kc4 Ka6 42. Bc3 Bg1 43. Bd4 Bxd4 44. Kxd4 Ka5 45. Ke5 Kxa4 1/2-1/2

[Event "GER-ch Net blitz qual4"]
[Site "Playchess.com INT"]
[Date "2020.03.23"]
[Round "7"]
[White "Graf, Lucas"]
[Black "Schirrmacher, Carsten"]
[Result "0-1"]
[WhiteElo "1984"]
[BlackElo "2102"]
[PlyCount "123"]
[EventDate "2020.03.23"]
[EventType "swiss (blitz)"]
[EventRounds "9"]
[EventCountry "GER"]
[SourceTitle "CBM 195 Extra"]
[Source "ChessBase"]
[SourceDate "2020.05.31"]
[SourceVersion "1"]
[SourceVersionDate "2020.05.31"]
[SourceQuality "1"]

1. e4 e5 2. Nf3 Nc6 3. Bb5 Nf6 4. d3 Ne7 5. Nxe5 c6 6. Bc4 Qa5+ 7. Bd2 Qxe5 8. Bc3 Qh5 9. Qc1 d5 10. Bxf6 gxf6 11. exd5 Nxd5 12. Nd2 Bh6 13. Qd1 Qxd1+ 14. Rxd1 Be6 15. Ne4 Bg7 16. c3 0-0-0 17. 0-0 f5 18. Ng5 h6 19. Nf3 Nf4 20. Bxe6+ Nxe6 21. Rfe1 Rhe8 22. d4 Ng5 23. Nh4 f4 24. Nf5 Bf8 25. h4 Ne6 26. Re4 Rd5 27. Re5 Rxe5 28. dxe5 Rd8 29. Rxd8+ Kxd8 30. Kf1 Kd7 31. Ke2 h5 32. Kf3 Bc5 33. g3 fxg3 34. fxg3 a5 35. g4 hxg4+ 36. Kxg4 Ke8 37. Kf3 Kf8 38. Kg4 Ng7 39. Ng3 Be3 40. Ne4 Bc1 41. b3 Ne6 42. Kf5 Kg7 43. Nd6 b5 44. Ne8+ Kf8 45. Nf6 Bb2 46. c4 Nd4+ 47. Ke4 a4 48. cxb5 cxb5 49. bxa4 bxa4 50. h5 Kg7 51. Ng4 Ne2 52. Kd3 Nf4+ 53. Kc2 a3 54. h6+ Kh7 55. Kb3 Nd3 56. Kc2 Nxe5 57. Ne3 Kxh6 58. Nd1 f5 59. Nxb2 axb2 60. a4 Nc4 61. a5 Nxa5 62. Kxb2 0-1

[Event "GER-ch Net blitz qual3"]
[Site "Playchess.com INT"]
[Date "2020.03.21"]
[Round "7"]
[White "Schirrmacher, Carsten"]
[Black "Hein, Ralf"]
[Result "1-0"]
[WhiteElo "2102"]
[BlackElo "2053"]
[PlyCount "73"]
[EventDate "2020.03.21"]
[EventType "swiss (blitz)"]
[EventRounds "9"]
[EventCountry "GER"]
[SourceTitle "CBM 195 Extra"]
[Source "ChessBase"]
[SourceDate "2020.05.31"]
[SourceVersion "1"]
[SourceVersionDate "2020.05.31"]
[SourceQuality "1"]

1. e4 Nf6 2. e5 Nd5 3. d4 d6 4. c4 Nb6 5. f4 dxe5 6. fxe5 c5 7. d5 e6 8. Nc3 exd5 9. cxd5 c4 10. Bf4 Bb4 11. d6 Nc6 12. Nf3 0-0 13. Be2 f6 14. 0-0 Bg4 15. Nd5 Bc5+ 16. Kh1 Bxf3 17. Bxf3 fxe5 18. Nxb6 axb6 19. Bxc6 bxc6 20. Bxe5 Rxf1+ 21. Qxf1 Qd7 22. Qxc4+ Kh8 23. Rd1 Rf8 24. Bg3 h6 25. h3 Rf6 26. b4 Bf2 27. Bxf2 Rxf2 28. a4 Rf5 29. Qe2 Rf7 30. Qe5 Kh7 31. a5 bxa5 32. bxa5 Qa7 33. Qe4+ Kg8 34. Qxc6 Qd7 35. Qxd7 Rxd7 36. a6 Kf8 37. a7 1-0

[Event "GER-ch Net blitz qual3"]
[Site "Playchess.com INT"]
[Date "2020.03.21"]
[Round "3"]
[White "Schirrmacher, Carsten"]
[Black "Langrock, Hannes"]
[Result "0-1"]
[WhiteElo "2102"]
[BlackElo "2346"]
[PlyCount "88"]
[EventDate "2020.03.21"]
[EventType "swiss (blitz)"]
[EventRounds "9"]
[EventCountry "GER"]
[SourceTitle "CBM 195 Extra"]
[Source "ChessBase"]
[SourceDate "2020.05.31"]
[SourceVersion "1"]
[SourceVersionDate "2020.05.31"]
[SourceQuality "1"]

1. e4 e6 2. d4 d5 3. Nd2 c5 4. exd5 Qxd5 5. Ngf3 cxd4 6. Bc4 Qd6 7. 0-0 Nf6 8. Nb3 Nc6 9. Nbxd4 Nxd4 10. Qxd4 Qxd4 11. Nxd4 a6 12. a4 Bd7 13. b3 Bb4 14. Bb2 0-0 15. Rfd1 Rfd8 16. Nf3 Bc6 17. Ne5 Be4 18. Bd3 h6 19. f3 Bxd3 20. Nxd3 Be7 21. Kf1 Nd5 22. c4 Ne3+ 23. Ke2 Nxd1 24. Rxd1 Rd7 25. c5 Rad8 26. b4 a5 27. Bc3 axb4 28. Bxb4 Kf8 29. f4 Ke8 30. g3 Rd4 31. Bc3 Re4+ 32. Kf3 Rxa4 33. Bxg7 h5 34. f5 exf5 35. Ke2 Ra2+ 36. Kf3 Rxh2 37. Ke3 Bxc5+ 38. Kf4 Re2 39. Kxf5 Re3 40. Nxc5 Rxd1 41. Nxb7 Rxg3 42. Be5 Rg2 43. Nd6+ Rxd6 44. Bxd6 h4 0-1

[Event "Berlin CupT final"]
[Site "Berlin"]
[Date "2016.06.18"]
[Round "1.2"]
[White "Malek, Daniel"]
[Black "Schirrmacher, Carsten"]
[Result "1/2-1/2"]
[WhiteElo "2413"]
[BlackElo "2063"]
[PlyCount "140"]
[EventDate "2016.06.18"]
[EventType "team-k.o."]
[EventRounds "2"]
[EventCountry "GER"]
[SourceTitle "EXT 2022"]
[Source "ChessBase"]
[SourceDate "2021.10.06"]
[SourceVersion "1"]
[SourceVersionDate "2021.10.06"]
[SourceQuality "1"]
[WhiteTeam "Zehlendorf"]
[BlackTeam "Spandau Zitadelle"]
[WhiteTeamCountry "GER"]
[BlackTeamCountry "GER"]

1. d4 d5 2. c4 e6 3. Nf3 c5 4. cxd5 exd5 5. g3 Nc6 6. Bg2 Nf6 7. 0-0 Be7 8. dxc5 Bxc5 9. a3 0-0 10. b4 Be7 11. Bb2 Ne4 12. Nbd2 Bf6 13. Bxf6 Qxf6 14. Nb3 Re8 15. Re1 Bg4 16. Qc1 Ne5 17. Qf4 Qxf4 18. gxf4 Nc4 19. Nfd4 Bh5 20. Rec1 Rac8 21. Bh3 Rcd8 22. f3 Ned6 23. Rc3 Re3 24. Rxe3 Nxe3 25. Kf2 Re8 26. a4 Bg6 27. Nb5 Ndc4 28. N3d4 a5 29. bxa5 Ra8 30. Nb3 Bc2 31. N5d4 Bxb3 32. Nxb3 f5 33. Nd2 Re8 34. Nxc4 dxc4 35. Rc1 c3 36. Bxf5 Nxf5 37. Rxc3 Kf7 38. e4 Nd6 39. Ke3 Rc8 40. Rxc8 Nxc8 41. Kd4 Ke6 42. Kc5 Kd7 43. f5 Nd6 44. Kb6 Kc8 45. a6 bxa6 46. Kxa6 Kc7 47. Ka5 Nc4+ 48. Kb4 Nd2 49. e5 Nxf3 50. f6 gxf6 51. exf6 Ne5 52. a5 Kd6 53. Kb5 Nd7 54. f7 Kc7 55. h4 h5 56. Kb4 Kc6 57. Kc3 Kc5 58. Kd2 Kb5 59. Ke3 Kxa5 60. Kf4 Kb6 61. Kg5 Kc7 62. Kxh5 Kd6 63. Kg6 Ke7 64. Kg7 Nf8 65. h5 Ne6+ 66. Kg8 Nf8 67. h6 Nh7 68. Kg7 Nf8 69. Kg8 Nh7 70. Kxh7 Kxf7 1/2-1/2

[Event "GER-chT11-B1 email"]
[Site "GER email"]
[Date "2015.10.15"]
[Round "?.1"]
[White "Brodda, Wolfgang"]
[Black "Schirrmacher, Carsten"]
[Result "1-0"]
[WhiteElo "2596"]
[BlackElo "2000"]
[PlyCount "77"]
[EventDate "2015.??.??"]
[EventType "tourn (corr)"]
[EventRounds "8"]
[EventCountry "GER"]
[SourceTitle "Corr 2017"]
[Source "ChessBase"]
[SourceDate "2017.09.19"]
[SourceVersion "1"]
[SourceVersionDate "2017.09.19"]
[SourceQuality "1"]
[WhiteTeam "Zugzwang Bocholt II"]
[BlackTeam "SC Zitadelle Spandau IV"]

1. e4 e5 2. Nf3 Nf6 3. d4 Nxe4 4. Bd3 d5 5. dxe5 Nc6 6. 0-0 Bg4 7. Nc3 Nxc3 8. bxc3 Bc5 9. Re1 0-0 10. h3 Bh5 11. Rb1 b6 12. Bf4 h6 13. g4 Bg6 14. Bg3 Bxd3 15. cxd3 d4 16. c4 Qd7 17. Nh4 Rae8 18. f4 Be7 19. Nf5 Bb4 20. Re4 f6 21. Nh4 fxe5 22. Ng6 Rf7 23. Qe2 a5 24. f5 Bd6 25. Rf1 a4 26. Qf3 a3 27. Re2 Rf6 28. h4 Rf7 29. Qe4 Rb8 30. Rg2 Re8 31. Be1 Ne7 32. Nxe7+ Bxe7 33. g5 Qd8 34. gxh6 Qa8 35. Qe2 Bf6 36. hxg7 Rxg7 37. Rg6 e4 38. Qg4 Ree7 39. h5 1-0

[Event "GER HS-183 email"]
[Site "GER email"]
[Date "2015.03.25"]
[Round "?"]
[White "Gierden, Horst"]
[Black "Schirrmacher, Carsten"]
[Result "1-0"]
[WhiteElo "1954"]
[BlackElo "1890"]
[PlyCount "53"]
[EventDate "2015.04.06"]
[EventType "tourn (corr)"]
[EventRounds "6"]
[EventCountry "GER"]
[SourceTitle "Corr 2020"]
[Source "ChessBase"]
[SourceDate "2019.09.30"]
[SourceVersion "1"]
[SourceVersionDate "2019.09.30"]
[SourceQuality "1"]

1. e4 e5 2. Nf3 Nc6 3. Bb5 a6 4. Ba4 Nf6 5. 0-0 Be7 6. Re1 b5 7. Bb3 0-0 8. d4 d6 9. c3 Bg4 10. Be3 Bh5 11. Nbd2 d5 12. Qc1 Nxe4 13. Nxe5 Nxe5 14. dxe5 Nc5 15. Bc2 Ne6 16. Qb1 c5 17. Bxh7+ Kh8 18. Nf1 d4 19. cxd4 cxd4 20. Bd2 g6 21. Ng3 Kxh7 22. Nxh5 Rc8 23. Qd3 Qb6 24. f4 Kg8 25. f5 Nc5 26. Qg3 d3 27. Kh1 1-0

[Event "GER HS-152 email"]
[Site "GER email"]
[Date "2013.08.19"]
[Round "?"]
[White "Borchert, Stephan"]
[Black "Schirrmacher, Carsten"]
[Result "1/2-1/2"]
[WhiteElo "1795"]
[BlackElo "1885"]
[PlyCount "67"]
[EventDate "2013.08.26"]
[EventType "tourn (corr)"]
[EventRounds "6"]
[EventCountry "GER"]
[SourceTitle "Corr 2015"]
[Source "ChessBase"]
[SourceDate "2015.07.17"]
[SourceVersion "1"]
[SourceVersionDate "2015.07.17"]
[SourceQuality "1"]

1. e4 e5 2. Nf3 Nc6 3. Bb5 Nf6 4. Nc3 Bb4 5. 0-0 0-0 6. d3 d6 7. Bg5 Bxc3 8. bxc3 Qe7 9. Re1 Nd8 10. d4 Ne6 11. Bd2 c5 12. a4 Nc7 13. Bd3 Bg4 14. d5 h6 15. Qe2 Nh5 16. h3 Bd7 17. Nh2 Qh4 18. Ng4 Nf6 19. Nxf6+ Qxf6 20. Rf1 g5 21. Rfb1 Rab8 22. Ra3 Qe7 23. Rab3 Bc8 24. g4 Kg7 25. Kg2 Ne8 26. Rh1 Bd7 27. a5 Nf6 28. h4 Nh7 29. hxg5 hxg5 30. Rbb1 Rh8 31. Qe3 f6 32. Qh3 Be8 33. f3 Rc8 34. c4 1/2-1/2

[Event "GER HS-152 email"]
[Site "GER email"]
[Date "2013.08.19"]
[Round "?"]
[White "Tassone, Raffaele"]
[Black "Schirrmacher, Carsten"]
[Result "1/2-1/2"]
[WhiteElo "1988"]
[BlackElo "1885"]
[PlyCount "78"]
[EventDate "2013.08.26"]
[EventType "tourn (corr)"]
[EventRounds "6"]
[EventCountry "GER"]
[SourceTitle "Corr 2015"]
[Source "ChessBase"]
[SourceDate "2015.07.17"]
[SourceVersion "1"]
[SourceVersionDate "2015.07.17"]
[SourceQuality "1"]

1. d4 d5 2. c4 dxc4 3. Nf3 Nf6 4. e3 e6 5. Bxc4 c5 6. 0-0 a6 7. Qe2 b5 8. Bb3 Bb7 9. Nbd2 Nbd7 10. a4 Be7 11. axb5 axb5 12. Rxa8 Qxa8 13. Qxb5 cxd4 14. exd4 0-0 15. Rd1 Rc8 16. Bc4 Rc7 17. Bf1 Qc8 18. Nc4 Ba6 19. Nb6 Nxb6 20. Qxa6 Rxc1 21. Rxc1 Qxc1 22. Qxb6 Ne4 23. Qa5 Qc2 24. Qe1 Bb4 25. Qe2 Nd2 26. Nxd2 Qxd2 27. Qxd2 Bxd2 28. Bc4 Bc1 29. b4 Bb2 30. d5 e5 31. d6 Kf8 32. d7 Ke7 33. Bxf7 Kxd7 34. b5 Bd4 35. Bg8 h6 36. Bd5 Kd6 37. Bc6 g5 38. Kf1 h5 39. Ke2 Kc5 1/2-1/2

[Event "GER-ch U25 op-A"]
[Site "Oberhof"]
[Date "2013.05.20"]
[Round "3"]
[White "Kardoeus, David"]
[Black "Schirrmacher, Carsten"]
[Result "0-1"]
[WhiteElo "1894"]
[BlackElo "2095"]
[PlyCount "110"]
[EventDate "2013.05.19"]
[EventType "swiss"]
[EventRounds "9"]
[EventCountry "GER"]
[SourceTitle "CBM 154 Extra"]
[Source "ChessBase"]
[SourceDate "2013.06.25"]
[SourceVersion "2"]
[SourceVersionDate "2013.06.25"]
[SourceQuality "1"]

1. e4 e5 2. Bc4 Nf6 3. Nf3 Nxe4 4. Nc3 Nxc3 5. dxc3 f6 6. Nh4 g6 7. 0-0 c6 8. f4 d5 9. Bb3 Bc5+ 10. Kh1 0-0 11. Qe1 Bd6 12. c4 Be6 13. cxd5 Bxd5 14. Qg3 Qd7 15. c4 Bf7 16. c5 exf4 17. Bxf4 Bxf4 18. Rxf4 Bxb3 19. Qxb3+ Qf7 20. Rxf6 Qxb3 21. Rxf8+ Kxf8 22. axb3 Na6 23. Rf1+ Kg7 24. Rd1 Rf8 25. Nf3 Nxc5 26. Nd4 Rf2 27. b4 Na4 28. b3 Nc3 29. Ra1 Rd2 30. Nf3 Rd1+ 31. Rxd1 Nxd1 32. Kg1 Kf6 33. Nd2 Ke5 34. Nf3+ Kf6 35. Nd2 Ke5 36. Nf3+ Kd5 37. Ng5 h5 38. Nh7 Ke5 39. Nf8 Kf5 40. Nd7 Ne3 41. Kf2 Nc2 42. Nc5 b6 43. Nd3 Ke4 44. Ke2 Nd4+ 45. Kd2 Nxb3+ 46. Kc3 c5 47. Nf2+ Ke3 48. Nd1+ Ke2 49. Nb2 Nd2 50. bxc5 Ne4+ 51. Kd4 Nxc5 52. Nc4 Kf2 53. g4 Kg2 54. h4 Kg3 55. Ne5 Kxh4 0-1

[Event "GER-ch U25 op-A"]
[Site "Oberhof"]
[Date "2013.05.19"]
[Round "2"]
[White "Schirrmacher, Carsten"]
[Black "Lenz, Jonas"]
[Result "1-0"]
[WhiteElo "2095"]
[BlackElo "1972"]
[PlyCount "81"]
[EventDate "2013.05.19"]
[EventType "swiss"]
[EventRounds "9"]
[EventCountry "GER"]
[SourceTitle "CBM 154 Extra"]
[Source "ChessBase"]
[SourceDate "2013.06.25"]
[SourceVersion "2"]
[SourceVersionDate "2013.06.25"]
[SourceQuality "1"]

1. e4 c5 2. Nf3 e6 3. d4 cxd4 4. Nxd4 a6 5. Bd3 Nf6 6. 0-0 Qc7 7. c4 Be7 8. Nc3 0-0 9. Be3 d6 10. f3 Nbd7 11. Qe2 Ne5 12. Rac1 Nxd3 13. Qxd3 b6 14. b3 Bb7 15. Qd2 Rfd8 16. Qf2 Nd7 17. Rfd1 Rac8 18. Nde2 Bc6 19. Nd5 exd5 20. cxd5 Qb7 21. dxc6 Rxc6 22. Rxc6 Qxc6 23. Nd4 Qb7 24. Nf5 Bf8 25. Nxd6 Ne5 26. Nxb7 Rxd1+ 27. Qf1 Rxf1+ 28. Kxf1 Nd7 29. Nd8 Bd6 30. f4 Bc7 31. Nc6 Nf6 32. Ke2 Nxe4 33. Ne7+ Kf8 34. Nd5 Bd8 35. Kd3 Nf6 36. Nxf6 gxf6 37. Ke4 Ke7 38. Kf5 a5 39. Bd4 Bc7 40. h4 h6 41. h5 1-0

[Event "GER JU-S101 email"]
[Site "GER email"]
[Date "2012.07.23"]
[Round "?"]
[White "Piepereit, Robin"]
[Black "Schirrmacher, Carsten"]
[Result "1/2-1/2"]
[WhiteElo "1798"]
[BlackElo "1867"]
[PlyCount "86"]
[EventDate "2012.07.30"]
[EventType "tourn (corr)"]
[EventRounds "8"]
[EventCountry "GER"]
[SourceTitle "Corr 2015"]
[Source "ChessBase"]
[SourceDate "2015.07.17"]
[SourceVersion "1"]
[SourceVersionDate "2015.07.17"]
[SourceQuality "1"]

1. e4 e5 2. Nf3 Nc6 3. Bb5 Nf6 4. 0-0 Nxe4 5. d4 Nd6 6. Bxc6 dxc6 7. dxe5 Nf5 8. Qxd8+ Kxd8 9. Rd1+ Ke8 10. Nc3 Ne7 11. h3 h6 12. Ne4 Ng6 13. c4 Be7 14. Ng3 h5 15. Ne2 h4 16. b3 a5 17. Ned4 Rh5 18. Bb2 a4 19. Bc3 Nf4 20. Rab1 c5 21. Nb5 Bd8 22. Bd2 Ne6 23. Bc1 axb3 24. axb3 b6 25. Nc3 Nf8 26. Rb2 Bf5 27. Re1 Ne6 28. Bd2 Bg6 29. Nb5 Kd7 30. Be3 Kc6 31. Bd2 Rh8 32. Be3 Bh5 33. Rd1 f6 34. Rd5 Kb7 35. b4 cxb4 36. Rxb4 Be8 37. Rb1 Bg6 38. Rb2 Kc8 39. Nbd4 Re8 40. Nxe6 Rxe6 41. Rbd2 Be7 42. Nd4 Rxe5 43. Nc6 Ra1+ 1/2-1/2

[Event "Daehne Cup final"]
[Site "Magdeburg"]
[Date "2011.06.25"]
[Round "5"]
[White "Schirrmacher, Carsten"]
[Black "Loew, Gerald"]
[Result "1/2-1/2"]
[WhiteElo "2067"]
[BlackElo "2278"]
[PlyCount "38"]
[EventDate "2011.06.23"]
[EventType "swiss"]
[EventRounds "5"]
[EventCountry "GER"]
[SourceTitle "CBM 143 Extra"]
[Source "ChessBase"]
[SourceDate "2011.08.29"]
[SourceVersion "1"]
[SourceVersionDate "2011.08.29"]
[SourceQuality "1"]

1. e4 c5 2. Nf3 g6 3. d4 cxd4 4. Nxd4 Bg7 5. Be3 Nc6 6. Nc3 Nf6 7. Bc4 0-0 8. Bb3 a5 9. f3 d5 10. Bxd5 Nxd5 11. Nxd5 f5 12. Nxc6 bxc6 13. Nb6 Rb8 14. Qxd8 Rxd8 15. Rd1 Rxd1+ 16. Kxd1 fxe4 17. Nxc8 Rxc8 18. b3 exf3 19. gxf3 Kf7 1/2-1/2

[Event "Berlin-ch"]
[Site "Berlin"]
[Date "2011.05.01"]
[Round "9"]
[White "Sawlin, Leonid"]
[Black "Schirrmacher, Carsten"]
[Result "0-1"]
[WhiteElo "1920"]
[BlackElo "2067"]
[PlyCount "74"]
[EventDate "2011.04.23"]
[EventType "swiss"]
[EventRounds "9"]
[EventCountry "GER"]
[SourceTitle "CBM 142 Extra"]
[Source "ChessBase"]
[SourceDate "2011.06.27"]
[SourceVersion "1"]
[SourceVersionDate "2011.06.27"]
[SourceQuality "1"]

1. e4 e5 2. Nf3 Nc6 3. d4 exd4 4. Nxd4 Nf6 5. Nxc6 bxc6 6. e5 Qe7 7. Qe2 Nd5 8. c4 Ba6 9. b3 0-0-0 10. Bb2 Qg5 11. g3 Bb4+ 12. Kd1 d6 13. f4 Nxf4 14. gxf4 dxe5+ 15. Kc2 Qf5+ 16. Kc1 Qxf4+ 17. Kc2 Qf5+ 18. Kc1 Qg5+ 19. Kc2 Kb8 20. Bg2 Bc8 21. Nc3 Bg4 22. Qf2 Bf5+ 23. Be4 Bxc3 24. Kxc3 Bxe4 25. Rhe1 Rd3+ 26. Kb4 f5 27. Rad1 Rhd8 28. Rxd3 Rxd3 29. Ka4 Qe7 30. Ba3 Qd7 31. Qc5 Rd2 32. Qf8+ Qd8 33. Qb4+ Ka8 34. Qc5 Qd6 35. Kb4 Rxa2 36. Qxd6 cxd6 37. Rd1 c5+ 0-1